000
00210nam a22000857a 4500
008
161111b xxu||||| |||| 00| 0 eng d
100
_9
1125
_a
BPI INDIA
245
_a
Rabbits Gift
260
_a
New Delhi
_b
BPI India
_c
2011
999
_c
3786
_d
3786